000
00321nam a2200133Ia 4500
008
140626s9999 xx 000 0 und d
100
_a
Krell, Eric
245
_a
When HR Teams Work Virtually /
_c
Eric Krell.
260
_c
c2012.
300
_a
57 : 9, page 81
440
_a
HR Magazine
521
_a
BSBA
942
_c
SE
999
_c
121483
_d
121483